Administratíva zamestnávanie cudzincov na Slovensku neblokuje

Slovensko bude odo dňa vstupu do EÚ zaručovať občanom členských krajín EÚ právo uchádzať sa o ponúkané voľné pracovné miesta a voľne sa pohybovať na území krajiny. Potreba podania žiadosti o udelenie povolenia na prechodný pobyt. Povolenie je vždy viazané na konkrétny účel. Potrebné doklady. Povolen...

Ausführliche Beschreibung

Gespeichert in:
Bibliographische Detailangaben
1. Verfasser: Fričová, Zuzana
Format: Buchkapitel
Sprache:Slowakisch
Schlagworte:
Tags: Tag hinzufügen
Keine Tags, Fügen Sie das erste Tag hinzu!

MARC

LEADER 00000naa a2200000 4500
001 r049252
005 20230921115121.3
041 0 |a slo 
044 |a SK 
245 1 0 |a Administratíva zamestnávanie cudzincov na Slovensku neblokuje  |c Zuzana Fričová 
520 |a Slovensko bude odo dňa vstupu do EÚ zaručovať občanom členských krajín EÚ právo uchádzať sa o ponúkané voľné pracovné miesta a voľne sa pohybovať na území krajiny. Potreba podania žiadosti o udelenie povolenia na prechodný pobyt. Povolenie je vždy viazané na konkrétny účel. Potrebné doklady. Povolenie na legálne zamestnanie získané z úradu práce. Odňatie povolenia. Kontrola nelegálneho zamestnávania cudzincov. 
610 2 0 |a zamestnávanie cudzincov 
610 2 0 |a legislatíva 
610 2 0 |a administratíva 
610 2 0 |a povolenia pracovné 
610 2 0 |a úrady práce 
610 2 0 |a pobyt cudzincov 
610 2 0 |a kontrola 
610 2 0 |a Slovensko 
610 2 0 |a Európska únia 
100 1 |a Fričová, Zuzana